Simbolismo y hermetismo : (Record no. 193098)

MARC details
000 -LEADER
campo de control de longitud fija 01755nam a2200457 i 4500
001 - NÚMERO DE CONTROL
campo de control 193098
003 - IDENTIFICADOR DE NÚMERO DE CONTROL
campo de control SpMaBN
005 - FECHA Y HORA DE LA ÚLTIMA TRANSACCIÓN
campo de control 20250801145413.0
007 - CAMPO FIJO DE DESCRIPCIÓN FÍSICA--INFORMACIÓN GENERAL
campo de control de longitud fija ta
008 - DATOS DE LONGITUD FIJA--INFORMACIÓN GENERAL
campo de control de longitud fija 230727s2007 sp | ||||o000 0 spa
015 ## - NÚMERO DE BIBLIOGRAFÍA NACIONAL
Número de bibliografía nacional MON0807
017 ## - NÚMERO DE COPYRIGHT O DE DEPÓSITO LEGAL
Número de copyright o de depósito legal Z 161-2008
Agencia que asigna Oficina Depósito Legal Zaragoza
035 ## - NÚMERO DE CONTROL DEL SISTEMA
Número de control de sistema (OCoLC)434404823
035 ## - NÚMERO DE CONTROL DEL SISTEMA
Número de control de sistema FF3354963
040 ## - FUENTE DE CATALOGACIÓN
Centro catalogador/agencia de origen SpMaBN
Lengua de catalogación spa
Centro/agencia transcriptor SpMaBN
Normas de descripción rdc
080 ## - NÚMERO DE LA CLASIFICACIÓN DECIMAL UNIVERSAL
Número de la Clasificación Decimal Universal 82.09"18"
080 ## - NÚMERO DE LA CLASIFICACIÓN DECIMAL UNIVERSAL
Número de la Clasificación Decimal Universal 133.5(0:82)
245 00 - MENCIÓN DEL TÍTULO
Título Simbolismo y hermetismo :
Resto del título aproximación a la modernidad estética /
Mención de responsabilidad, etc. Massaud Moisés ... [et al.] ; Luis Beltrán Almería y José Luis Rodríguez García, coords.
250 ## - MENCION DE EDICION
Mención de edición 1ªed.
260 ## - PUBLICACIÓN, DISTRIBUCIÓN, ETC.
Lugar de publicación, distribución, etc. Zaragoza :
Nombre del editor, distribuidor, etc. Prensas Universitarias de Zaragoza,
Fecha de publicación, distribución, etc. 2007
300 ## - DESCRIPCIÓN FÍSICA
Extensión 184 p. ;
Dimensiones 22 cm
336 ## - TIPO DE CONTENIDO
Fuente rdacontent
Término de tipo de contenido Texto
337 ## - TIPO DE MEDIO
Fuente rdamedia
Nombre/término del tipo de medio sin mediación
338 ## - TIPO DE SOPORTE
Fuente rdacarrier
Nombre/término del tipo de soporte volumen
490 1# - MENCIÓN DE SERIE
Mención de serie Humanidades ;
Designación de volumen o secuencia 65
500 ## - NOTA GENERAL
Nota general Catalogación provisional. Signatura: N 8570. Depósito J.
504 ## - NOTA DE BIBLIOGRAFÍA, ETC.
Nota de bibliografía, etc. Incluye referencias bibliográficas
650 #7 - PUNTO DE ACCESO ADICIONAL DE MATERIA--TÉRMINO DE MATERIA
Término de materia o nombre geográfico como elemento de entrada Simbolismo (Literatura)
Fuente del encabezamiento o término embne
9 (RLIN) 17107
650 #7 - PUNTO DE ACCESO ADICIONAL DE MATERIA--TÉRMINO DE MATERIA
Término de materia o nombre geográfico como elemento de entrada Hermetismo
Subdivisión general En la literatura
Fuente del encabezamiento o término embne
9 (RLIN) 233948
700 1# - ENTRADA AGREGADA--NOMBRE PERSONAL
Nombre de persona Moisés, Massaud
9 (RLIN) 233949
700 1# - ENTRADA AGREGADA--NOMBRE PERSONAL
Nombre de persona Beltrán Almería, Luis,
Fechas asociadas al nombre 1955-
9 (RLIN) 233950
700 0# - ENTRADA AGREGADA--NOMBRE PERSONAL
Nombre de persona Rodríguez García, José Luis,
Fechas asociadas al nombre 1949-2022
9 (RLIN) 98541
830 #0 - PUNTO DE ACCESO ADICIONAL DE SERIE-TÍTULO UNIFORME
Título uniforme Humanidades (Universidad de Zaragoza) ;
Designación de volumen o secuencia 65
9 (RLIN) 233951
852 ## - LOCALIZACIÓN
Ubicación ES-MaACL
itemnumber 200406
Sublocalización o colección R.153362
Número de control de estantería N-8570
Ubicación en estantería Depósito J
Donativo/Legado Donación: Juan Carlos Peira
Nota libre En proceso
903 ## - NOMBRE PERSONAL DE DONANTE
9 233847
a Peira, Juan Carlos
e Donante
942 ## - ELEMENTOS DE ENTRADA SECUNDARIOS (KOHA)
Suprimir en OPAC No
Tipo de ítem Koha Libro impreso
Holdings
Estatus retirado Estado de pérdida Fuente del sistema de clasificación o colocación Estado de daño No para préstamo Biblioteca de origen Biblioteca actual Ubicación en estantería Fecha de adquisición Fuente de adquisición Total de préstamos Signatura topográfica completa Código de barras Visto por última vez Precio de reemplazo Tipo de ítem Koha
    Clasificación decimal universal     Biblioteca del Ateneo de Madrid Biblioteca del Ateneo de Madrid Depósito J 30/05/2022 Donación   N-8570 102205699 27/07/2023 27/07/2023 Libro impreso